Historical Criticism and Theological Interpretation of Scripture. (Record no. 8367)

MARC details
000 -LEADER
fixed length control field 00577nam a2200229 a 4500
020 ## - INTERNATIONAL STANDARD BOOK NUMBER
ISBN
082 00 - DEWEY DECIMAL CLASSIFICATION NUMBER
Classification number 230
Author Cutter STU
100 ## - MAIN ENTRY--AUTHOR NAME
Author name Stuhlmacher, Peter
245 ## - TITLE STATEMENT
Title Historical Criticism and Theological Interpretation of Scripture.
260 ## - PUBLICATION, DISTRIBUTION, ETC. (IMPRINT)
Place of publication Philadelphia
Name of publisher Fortress Press
Year of publication 1977
300 ## - PHYSICAL DESCRIPTION
Number of Pages 93p
500 ## - GENERAL NOTE
General note includes index and biblioraphy
505 2# - FORMATTED CONTENTS NOTE
Formatted contents note Index
650 ## - SUBJECT ADDED ENTRY--TOPICAL TERM
Topical Term Theology
942 ## - ADDED ENTRY ELEMENTS (KOHA)
Koha item type Books
Holdings
Collection code Home library Current library Date acquired Cost, normal purchase price Full call number Accession Number Koha item type
  Henry Martyn Institute Library Henry Martyn Institute Library 06/12/2007 146.25 230 STU 011362 Books
                   Copyright © 2026 | Henry Martyn Institute | Hyderabad | TS-500052 | INDIA | Implemented by hmi.edu.in
Hit-Count:

Powered by Koha